Library of the University of Algiers 3
Ibrahim Sultan Cheibout
شعار جامعة الجزائر 3
مكتبة جامعة الجزائر 3
إبراهيم سلطان شيبوط

الإدارة الإستراتيجية لمعاهدة الإدارة : (رقم التسجيلة. 45494)

تفاصيل مارك
000 -LEADER
fixed length control field 01399nam a2200229Ia 4500
003 - CONTROL NUMBER IDENTIFIER
control field Ost
005 - DATE AND TIME OF LATEST TRANSACTION
control field 20260507075646.0
008 - FIXED-LENGTH DATA ELEMENTS--GENERAL INFORMATION
fixed length control field 260507s9999||||xx |||||||||||||| ||und||
040 ## - CATALOGING SOURCE
Transcribing agency fsecg
041 ## - LANGUAGE CODE
Language code of text/sound track or separate title ara
082 ## - DEWEY DECIMAL CLASSIFICATION NUMBER
Classification number 658
100 ## - MAIN ENTRY--PERSONAL NAME
Relator term مؤلف
245 #0 - TITLE STATEMENT
Title الإدارة الإستراتيجية لمعاهدة الإدارة :
Remainder of title أوراق ووقائع ندوة الإدارة الإستراتيجية لمعاهدة الإدارة /
260 ## - PUBLICATION, DISTRIBUTION, ETC.
Place of publication, distribution, etc. القاهرة:
Name of publisher, distributor, etc. المنظمة العربية للتنمية الإدارية,
Date of publication, distribution, etc. 1999
300 ## - PHYSICAL DESCRIPTION
Extent 217 صفحة؛
Other physical details إيضاحات ؛
Dimensions 26 سم
490 ## - SERIES STATEMENT
Series statement سلسلة ندوات ومؤتمرات
Volume/sequential designation 11
520 ## - SUMMARY, ETC.
Summary, etc. تأثير المتغيرات البيئية على التدريب الإداري- تطبيق تحليل SWOT- على معاهدة التدريب- صياغة الخطط الإستراتيجية وبرامج تحسين الجودة- التخطيط الإستراتيجي في نماذج مختلفة لمعاهدة التدريب- مقومات التنفيذ الفعال للإستراتيجية ودور الرقابة والتقويم في تنفيذ الخطط الإستراتيجية- خبرات ورؤى إضافية- ورشة عمل مشروعات جماعية.
653 ## - INDEX TERM--UNCONTROLLED
Uncontrolled term الإدارة
653 ## - INDEX TERM--UNCONTROLLED
Uncontrolled term الإدارة الإستراتيجية
653 ## - INDEX TERM--UNCONTROLLED
Uncontrolled term الإدارة العامة
942 ## - ADDED ENTRY ELEMENTS (KOHA)
Koha item type كتب
المقتنيات
Withdrawn status Lost status Source of classification or shelving scheme Damaged status Not for loan Home library Current library Date acquired Serial enumeration / chronology Inventory number Total checkouts Full call number Barcode Date last seen Price effective from Koha item type
    Dewey Decimal Classification   NOT LOAN / إعارة داخلية مكتبة كلية العلوم الإقتصادية والعلوم التجارية وعلوم التسيير مكتبة كلية العلوم الإقتصادية والعلوم التجارية وعلوم التسيير 07/05/2026 الطابق الأرضي 1/1614   أ/1614ن1 1/1614 07/05/2026 07/05/2026 كتب

موارد الويب المفتوحة


© University of Algiers 3 All Rights Reserved
|
Implemented by LECHELAH Riad